书目信息 |
| 题名: |
中国教育年鉴1997
|
|
| 作者: | ;《中国教育年鉴》编辑部 编 | |
| 分册: | ||
| 出版信息: | 北京 人民教育出版社 1997.08 |
|
| 页数: | 964页 | |
| 开本: | 29cm | |
| 丛书名: | ||
| 单 册: | ||
| 中图分类: | G52-54 | |
| 科图分类: | ||
| 主题词: | 教育事业--世界 | |
| 电子资源: | ||
| ISBN: | 7-107-12233-9 | |
| 000 | 00653nam0 2200193 450 | |
| 001 | 0652945202 | |
| 005 | 20060112144434.88 | |
| 010 | @a7-107-12233-9@b精装@dCNY99.00 | |
| 100 | @a20060112d1997 km y0chiy0120 ea | |
| 101 | 0 | @achi |
| 102 | @aCN@b110000 | |
| 200 | 1 | @a中国教育年鉴1997@Azhong guo jiao yu nian jian 1997@f《中国教育年鉴》编辑部编@F《zhong guo jiao yu nian jian》bian ji bu bian |
| 210 | @a北京@c人民教育出版社@d1997.08 | |
| 215 | @a964页@d29cm | |
| 606 | 0 | @a教育事业@x世界 |
| 690 | @aG52-54@v3 | |
| 711 | 0 | @a《中国教育年鉴》编辑部@A《zhong guo jiao yu nian jian》bian ji bu@4编 |
| 801 | 0 | @aCN@bPFT@c20060112 |
| 905 | @a10447@dG52-54@eZ563 | |
| 中国教育年鉴1997/《中国教育年鉴》编辑部编.-北京:人民教育出版社,1997.08 |
| 964页;29cm |
| ISBN 7-107-12233-9(精装):CNY99.00 |
| ● |
| 相关链接 |
|
|
|
正题名:中国教育年鉴1997
索取号:G52-54/Z563
 
预约/预借
| 序号 | 登录号 | 条形码 | 馆藏地/架位号 | 状态 | 备注 |
| 1 | 442610 | 204426102 | 社科库409/409社科库 5排2列4层/ [索取号:G52-54/Z563] | 在馆 |